00452nam a2200145 i 4500001000300000100002200003245008200025250001600107260002100123040000800144041000800152080000700160008004100167856009800208bg1 aBORKOWSKI, Ludwik 0aLogika formalna. Systemy logiczne. Wstęp do metalogiki /cLudwik Borkowski. aWyd.2 popr. aWarszawa,c1978. cBPK apol a16 s pl f |000 0 pol  uhttp://koha.tu.koszalin.pl/cgi-bin/koha/opac-detail.pl?biblionumber=17672yKatalog online BPK